|
|
|
|
| LEADER |
00000naa0a2200000 4500 |
| 001 |
594677 |
| 005 |
20250212162857.0 |
| 035 |
|
|
|a (RuTPU)RU\TPU\tpu\11428
|
| 035 |
|
|
|a RU\TPU\tpu\11427
|
| 090 |
|
|
|a 594677
|
| 100 |
|
|
|a 20030912d1973 k y0rusy50 ca
|
| 101 |
0 |
|
|a rus
|
| 102 |
|
|
|a RU
|
| 200 |
1 |
|
|a Методика расчета упругого контакта смещения жесткого штампа
|f В. И. Максак
|
| 320 |
|
|
|a Библиогр.: 3 назв.
|
| 463 |
|
|
|t Контактная жесткость в машиностроении и приборостроении
|o материалы научно-технического семинара
|v С. 36-37
|d 1973
|
| 610 |
1 |
|
|a контактные смещения
|
| 610 |
1 |
|
|a жесткие штампы
|
| 610 |
1 |
|
|a расчет
|
| 610 |
1 |
|
|a труды учёных ТПУ
|
| 700 |
|
1 |
|a Максак
|b В. И.
|
| 801 |
|
1 |
|a RU
|b 63413507
|c 20030912
|g PSBO
|
| 801 |
|
2 |
|a RU
|b 63413507
|c 20100315
|g PSBO
|
| 942 |
|
|
|c BK
|